1241 1570 1341 1875 1363 1823 1395 1055 1521 1970 1789 1023 1704 1253 1570 1611 1042 1866 1213 1413 1351 1605 1180 1623 1046 1607 1463 1828 1384 1292 1017 1764 1084 1443 1371 1875 1092 1468 1140 1975 1683 1022 1211 1312 1931 1548 1508 1008 1943 1891 1308 1034 1245 1674 1594 1574 1229 1423 1446 1034 1339 1326 1896 1439 1787 1150 1096 1496 1689 1728 1818 1560 1898 1487 1718 1721 1104 1904 1381 1837 1673 1262 1173 1110 1929 1145 1139 1793 1689 1381 1801 1463 1149 1904 1709 1699 1729 1149 1720 BCNSPRNW ULIB Ver.6.0+V

เปลี่ยนเป็นภาษาไทย

Change to English
 แสดงรายละเอียดบรรณานุกรม
  กลับหน้าหลัก

Brief Record : Get Marc (ISO 2709) : E-mail record : QR code < ปิดหน้าต่าง
LEADER : 00000nam 2200000uu 4500
001    13399108696
003     ULIB
008    110311s2548||||th 000 0 tha d
060  4 QZ200^bส984ค 2548
110 1  กระทรวงสาธารณสุข^bกรมการแพทย์^bสถาบันมะเร็งแห่งชาติ^bศูนย์มะเร็งลพบุรี
245 00 คู่มือการดูแลตนเองของผู้ป่วยที่ได้รับรังสีรักษา/^cศูนย์มะเร็งลพบุรี
250    พิมพ์ครั้งที่ 1
260    ลพบุรี:^bศูนย์มะเร็ง ลพบุรี,^c2548
300    18 หน้า:^bภาพประกอบ
650  7 การดูแลตนเอง^xผู้ป่วยมะเร็ง
945    ^p0^l0^i017706
945    ^p0^l0^i017704
945    ^p0^l0^i017698
945    ^p0^l0^i017707
945    ^p0^l0^i017705
945    ^p0^l0^i017703
995    ทศพร
999 ^a ใช้งานได้ทุกระบบ
รายการนี้ยังไม่มีแท็ก
คุณยังไม่ได้ล็อกอิน คุณสามารถมีกิจกรรมร่วมกับเว็บไซต์ได้ แต่ต้องล็อกอินก่อน ::
  ล็อกอิน

รายการสื่อสารสนเทศ

ลำดับที่ ประเภท เลขเรียก/บาร์โค้ด สถานที่ สถานะ
- ไม่พบข้อมูล -

BibComment


ยังไม่เคยถูกคอมเมนท์

คอมเมนท์ทรัพยากรรายการนี้
  คอมเมนท์: คู่มือการดูแลตนเอ..


 Copyright 2026. Bcnsprnw @Library